Geography Quiz

Random Geography or State Quiz

States by Route Signs Quiz Stats

 Plays Quiz Updated Nov 14, 2018

Challenge
Share
Tweet
Score 0/30 Timer 06:00
3 Plays Today
# State % Correct
6Florida
95.6%
2Louisiana
92.3%
14Oklahoma
87.1%
20Idaho
84.5%
5Ohio
82%
3Missouri
74%
17Minnesota
72.7%
27South Carolina
70.2%
30Washington
68.4%
10Arizona
65.2%
21Colorado
61.6%
18Arkansas
60.3%
28Nevada
59.8%
9Wyoming
53.2%
29Alaska
52.2%
# State % Correct
22Alabama
45.1%
24Tennessee
45.1%
15South Dakota
38.1%
26New Mexico
38.1%
25Georgia
38%
1Pennsylvania
37.5%
4Kansas
32.1%
7New Hampshire
29.6%
13Utah
28.9%
8Nebraska
26.3%
23North Dakota
25.3%
12California
17.1%
11New York
14.1%
19Vermont
10.3%
16Wisconsin
7.4%

You're not logged in!

Compare scores with friends on all Sporcle quizzes.
Join for Free
OR
Log In

You Might Also Like...

Show Comments

Extras

Top Quizzes Today


Score Distribution

Your Account Isn't Verified!

In order to create a playlist on Sporcle, you need to verify the email address you used during registration. Go to your Sporcle Settings to finish the process.

Report this User

Report this user for behavior that violates our Community Guidelines.

Details: